Manual de meteorología popular / (Record no. 167421)
[ view plain ]
| 000 -LEADER | |
|---|---|
| campo de control de longitud fija | 01196nam a22002535i 4500 |
| 001 - NÚMERO DE CONTROL | |
| campo de control | 167421 |
| 003 - IDENTIFICADOR DE NÚMERO DE CONTROL | |
| campo de control | ES-MaACL |
| 005 - FECHA Y HORA DE LA ÚLTIMA TRANSACCIÓN | |
| campo de control | 20250721145133.0 |
| 008 - DATOS DE LONGITUD FIJA--INFORMACIÓN GENERAL | |
| campo de control de longitud fija | 960320s1880 sp b |||| | spa d |
| 100 1# - ENTRADA PRINCIPAL--NOMBRE DE PERSONA | |
| Nombre de persona | Vicuña, Gumersindo, |
| Fechas asociadas al nombre | 1840-1890 |
| 9 (RLIN) | 114406 |
| 245 10 - MENCIÓN DEL TÍTULO | |
| Título | Manual de meteorología popular / |
| Mención de responsabilidad, etc. | por D. Gumersindo Vicuña. |
| 260 ## - PUBLICACIÓN, DISTRIBUCIÓN, ETC. | |
| Lugar de publicación, distribución, etc. | Madrid : |
| Nombre del editor, distribuidor, etc. | Est. tip. ed. de G. Estrada, |
| Fecha de publicación, distribución, etc. | 1880. |
| 300 ## - DESCRIPCIÓN FÍSICA | |
| Extensión | 232 p., [1] h. pleg. de lám. ; |
| Dimensiones | 18 cm. |
| 490 1# - MENCIÓN DE SERIE | |
| Mención de serie | Biblioteca enciclopédica popular ilustrada. Sección 3ª. Conocimientos útiles |
| 505 8# - NOTA DE CONTENIDO CON FORMATO | |
| Nota de contenido con formato | Contiene: Parte primera: Fenómenos generales . Parte segunda: Equilibrio de la atmósfera . Parte tercera: Meteoros y magnetismo terrestre . Parte cuarta: Pronósticos del tiempo |
| 530 ## - NOTA DISPONIBLE DE FORMULARIO FÍSICO ADICIONAL | |
| Nota de formato físico adicional disponible | Disponible en formato digital. |
| 599 ## - NOTA A LAS ILUSTRACIONES | |
| NOTA A LAS ILUSTRACIONES | Lám.: "Lit. Donon" |
| 650 #7 - PUNTO DE ACCESO ADICIONAL DE MATERIA--TÉRMINO DE MATERIA | |
| Término de materia o nombre geográfico como elemento de entrada | Meteorología |
| Fuente del encabezamiento o término | embne |
| 9 (RLIN) | 15017 |
| 700 1# - ENTRADA AGREGADA--NOMBRE PERSONAL | |
| Nombre de persona | Estrada, Gregorio. |
| 9 (RLIN) | 126979 |
| 830 1# - PUNTO DE ACCESO ADICIONAL DE SERIE-TÍTULO UNIFORME | |
| Título uniforme | Biblioteca enciclopédica popular ilustrada. Sección 3ª. Conocimientos útiles |
| 9 (RLIN) | 180990 |
| 852 ## - LOCALIZACIÓN | |
| Ubicación | ES-MaACL |
| Número de control de estantería | F-13593 |
| Nota libre | - Enc. hol. |
| 856 ## - LOCALIZACIÓN Y ACCESO ELECTRÓNICOS | |
| Identificador Uniforme de Recursos | <a href="http://bdh-rd.bne.es/viewer.vm?id=0000058919&page=1 ">http://bdh-rd.bne.es/viewer.vm?id=0000058919&page=1 </a> |
| Nota pública | Biblioteca Digital Hispánica |
| Estatus retirado | Estado de pérdida | Estado de daño | No para préstamo | Colección | Biblioteca de origen | Biblioteca actual | Ubicación en estantería | Fecha de adquisición | Fuente de adquisición | Total de préstamos | Signatura topográfica completa | Código de barras | Visto por última vez | Precio de reemplazo | Tipo de ítem Koha |
|---|---|---|---|---|---|---|---|---|---|---|---|---|---|---|---|
| Colección digital | Biblioteca del Ateneo de Madrid | Biblioteca del Ateneo de Madrid | Sala Pecera Planta 2 | 17/01/2008 | F-13593 | 1175633 | 23/02/2023 | 23/02/2023 | Libro impreso antiguo |
